书目信息 |
| 题名: |
爆款文案一句话就够了
|
|
| 作者: | 文有为 著 | |
| 分册: | ||
| 出版信息: | 上海 文汇出版社 2021.03 |
|
| 页数: | 214页 | |
| 开本: | 23cm | |
| 丛书名: | ||
| 单 册: | ||
| 中图分类: | F713.812 | |
| 科图分类: | ||
| 主题词: | 广告文案 | |
| 电子资源: | ||
| ISBN: | 978-7-5496-3453-8 | |
| 000 | 00979nam0 2200265 450 | |
| 001 | 010431614 | |
| 005 | 20210622142633.0 | |
| 010 | @a978-7-5496-3453-8@dCNY42.00 | |
| 049 | @aA350200XML@bUCS01010431614@c3004284725 | |
| 100 | @a20210429d2021 em y0chiy0110 ea | |
| 101 | 0 | @achi |
| 102 | @aCN@b310000 | |
| 105 | @ay z 000yy | |
| 106 | @ar | |
| 200 | 1 | @a爆款文案一句话就够了@9bao kuan wen an yi ju hua jiu gou le@b专著@dCopywriting: one sentence is enough@f文有为著@zeng |
| 210 | @a上海@c文汇出版社@d2021.03 | |
| 215 | @a214页@d23cm | |
| 330 | @a本书将文案创作变成一种流程写作,让你在阅读的同时学习到文案创作的流程和方法。全书内容包括文案究竟是什么、好文案是怎样打动人的、好标题是基础中的基础、好观点是好文案的大旗等。 | |
| 510 | 1 | @aCopywriting: one sentence is enough@zeng |
| 606 | 0 | @a广告文案 |
| 690 | @aF713.812@v5 | |
| 701 | 0 | @a文有为@9wen you wei@4著 |
| 801 | 2 | @aCN@b人天书店@c20210622 |
| 801 | 2 | @aCN@b人天书店@c20210513 |
| 905 | @aTSG@dF713@eW664@f2 | |
| 爆款文案一句话就够了=Copywriting: one sentence is enough/文有为著.-上海:文汇出版社,2021.03 |
| 214页;23cm |
| ISBN 978-7-5496-3453-8:CNY42.00 |
| 本书将文案创作变成一种流程写作,让你在阅读的同时学习到文案创作的流程和方法。全书内容包括文案究竟是什么、好文案是怎样打动人的、好标题是基础中的基础、好观点是好文案的大旗等。 |
| ● |
| 相关链接 |
|
|
|
正题名:爆款文案一句话就够了
索取号:F713/W664
 
预约/预借
| 序号 | 登录号 | 条形码 | 馆藏地/架位号 | 状态 | 备注 |
| 1 | 1534212 | 215342127 | 社科库409/409社科库 40排6列2层/ [索取号:F713/W664] | 在馆 | |
| 2 | 1534213 | 215342136 | 社科库409/409社科库 40排6列2层/ [索取号:F713/W664] | 在馆 |